| 000 | 01750 a2200289 4500 | ||
|---|---|---|---|
| 001 | 19042 | ||
| 003 | OSt | ||
| 005 | 20240404203922.0 | ||
| 008 | 240404b |||||||| |||| 00| 0 POR d | ||
| 020 | _a9788530504977 (broch.) | ||
| 020 | _qbroch. | ||
| 040 |
_aBR-SrUB _cBR-SrUB _dBR-BrIDEA |
||
| 041 | _apor | ||
| 082 | _a028.5 | ||
| 090 |
_aP Year 7 028 _bAGU |
||
| 100 |
_aAguiar, Luiz Antonio. _d1955 |
||
| 240 | 1 | 0 | _lpor |
| 245 | 1 | 0 |
_aMonstros mitológicos _cLuiz Antonio Aguiar ; ilustrações Salmo Dansa |
| 260 |
_aSão Paulo, SP _bQuinteto Editorial _c2007 |
||
| 300 |
_a115 p. _bil. _c23 cm |
||
| 490 | _aColeção mitos em contos | ||
| 697 | _aMitologia grega | ||
| 697 | _aMitologia | ||
| 700 |
_aDansa, Salmo _d1966 _eilustrador |
||
| 856 | _u000002/00000299.jpg | ||
| 942 |
_cBK _2udc |
||
| 999 |
_c19042 _d19042 |
||